书目信息 |
| 题名: |
中国菊花文化活动集萃
|
|
| 作者: | 刘英 主编 ;中国风景园林学会 编 | |
| 分册: | ||
| 出版信息: | 北京 中国建筑工业出版社 2017.10 |
|
| 页数: | 96页 | |
| 开本: | 26cm | |
| 丛书名: | ||
| 单 册: | ||
| 中图分类: | G122:S682.1 , S682.1 , S682.1 | |
| 科图分类: | ||
| 主题词: | 菊花--文化--中国 , 观赏园艺 , 花卉 , 园林树木 | |
| 电子资源: | ||
| ISBN: | 978-7-112-21306-1 | |
| 000 | 01212nam0 2200301 450 | |
| 001 | 4412 | |
| 005 | 20181012084502.81 | |
| 010 | @a978-7-112-21306-1@dCNY68.00 | |
| 100 | @a20171222d2017 em y0chiy50 ea | |
| 101 | 0 | @achi |
| 102 | @aCN@b110000 | |
| 105 | @aa z 000yy | |
| 200 | 1 | @a中国菊花文化活动集萃@9zhong guo ju hua wen hua huo dong ji cui@dChinese chrysanthemum cultural activities@f刘英主编@g中国风景园林学会菊花分会编@zeng |
| 210 | @a北京@c中国建筑工业出版社@d2017.10 | |
| 215 | @a96页@c照片@d26cm | |
| 330 | @a本书精选了16个城市(北京、杭州、南京、上海、开封、重庆、福州、荆门、南宁、南通、中山、天津、无锡、成都、唐山、太原)的菊花文化活动成果,详细介绍了菊花展及相关文化活动、菊花品种培育、菊花产业发展等,充分展示了我国在菊花文化上的历史根源、发展现状与未来前景。 | |
| 510 | 1 | @aChinese chrysanthemum cultural activities@zeng |
| 606 | 0 | @a菊花@x文化@y中国 |
| 606 | 0 | @a观赏园艺 |
| 606 | 0 | @a花卉 |
| 606 | 0 | @a园林树木 |
| 690 | @aG122:S682.1@v5 | |
| 690 | @aS682.1@v5 | |
| 690 | @aS682.1@v4 | |
| 701 | 0 | @a刘英@9liu ying@4主编 |
| 712 | 02 | @a中国风景园林学会@9zhong guo feng jing yuan lin xue hui@b菊花分会@4编 |
| 801 | 0 | @aCN@b91MARC@c20171222 |
| 905 | @aMuseLib@dS682.1@e466 | |
| 中国菊花文化活动集萃=Chinese chrysanthemum cultural activities/刘英主编/中国风景园林学会菊花分会编.-北京:中国建筑工业出版社,2017.10 |
| 96页:照片;26cm |
| ISBN 978-7-112-21306-1:CNY68.00 |
| 本书精选了16个城市(北京、杭州、南京、上海、开封、重庆、福州、荆门、南宁、南通、中山、天津、无锡、成都、唐山、太原)的菊花文化活动成果,详细介绍了菊花展及相关文化活动、菊花品种培育、菊花产业发展等,充分展示了我国在菊花文化上的历史根源、发展现状与未来前景。 |
| ● |
| 相关链接 |
|
|
|
|
正题名:中国菊花文化活动集萃
索取号:S682.1/466
 
预约/预借
| 序号 | 登录号 | 条形码 | 馆藏地/架位号 | 状态 | 备注 |
| 1 | 1124976 | 211249763 | 第二样本阅览室/ [索取号:S682.1/466] | 在馆 | |
| 2 | 1124977 | 211249772 | 第三借阅区/ [索取号:S682.1/466] | 在馆 | |
| 3 | 1124978 | 211249781 | 第三借阅区/ [索取号:S682.1/466] | 在馆 | |
| 4 | 1124979 | 211249790 | 第三借阅区/ [索取号:S682.1/466] | 在馆 | |
| 5 | 1124980 | 211249807 | 第三借阅区/ [索取号:S682.1/466] | 在馆 |